| 000 | 01031nam0a22002771 4500 | ||
|---|---|---|---|
| 001 | v19\rc\1774993 | ||
| 005 | 20250619071948.0 | ||
| 035 | _a(NLR Aleph) 004871121 | ||
| 090 |
_a5096883 _c5096883 |
||
| 100 | _a20061204d1904 |||y0rusy50 ca | ||
| 101 | 0 | _arus | |
| 102 | _aRU | ||
| 105 | _aa z |||e| | ||
| 200 | 1 |
_aПрактическое руководство для личного и заочного изучения красивого и скорого письма _eСост. по новейш. методу проф. каллиграфии С.Э. Геренштейн _e[В 10 лекциях] |
|
| 210 |
_aОдесса _cтип. Я.М. Сагала _dценз. 1904 |
||
| 215 |
_a4, 39 с., 10 л. табл. _d28 |
||
| 309 | _aБез тит. л. и обл. | ||
| 700 | 1 |
_aГеренштейн _bС.Э. _4220 |
|
| 801 | 0 |
_aRU _bNLR _gpsbo |
|
| 801 | 0 |
_aRU _bRuMoRGB _2psbo |
|
| 801 | 1 |
_aRU _bProSoft-M _2rusmarc |
|
| 852 |
_aNLR _j34.83.2.531 |
||
| 899 |
_aRuMoRGB _jA 298/286 |
||
| 899 | _aБАН | ||
| 942 | _cBOOK | ||
| 980 | _aNB | ||